[Event "CYCC U08 w"]
[Site "Ottawa CAN"]
[Date "2013.09.11"]
[Round "3"]
[White "Zhu, Harmony"]
[Black "Gilani, Mysha"]
[Result "1-0"]
[WhiteElo "1652"]
[BlackElo "950"]
[PlyCount "109"]
[GameId "2160767909317943"]
[EventDate "2013.07.10"]
[EventType "swiss"]
[EventRounds "6"]
[EventCountry "CAN"]
[SourceTitle "hb 2013"]

1. d4 Nf6 2. c4 e6 3. Nf3 d5 4. Bg5 Nbd7 5. e3 Be7 6. Nc3 O-O 7. Qc2 Re8 8. Rc1 c5 9. Bd3 b6 10. O-O a6 11. a4 Bb7 12. cxd5 exd5 13. dxc5 bxc5 14. Be2 Qc7 15. Rfd1 Bd6 16. h3 Qc6 17. Rd2 Be5 18. Nxe5 Nxe5 19. Bf1 Rad8 20. Qf5 Bc8 21. Qc2 h6 22. Bxf6 Qxf6 23. Rxd5 Rxd5 24. Nxd5 Qg5 25. Kh1 Bb7 26. Nf4 Bc8 27. Qxc5 Bb7 28. Qb4 Rb8 29. Qd2 Rd8 30. Qe2 Ng6 31. Nxg6 Qxg6 32. Qc2 Qe6 33. Kg1 Rc8 34. Qd2 Rxc1 35. Qxc1 Qg6 36. Qc7 Bf3 37. Kh2 Qb1 38. Qd8+ Kh7 39. Bd3+ Be4 40. Bxb1 Bxb1 41. b4 Bc2 42. Qa5 Bd3 43. b5 axb5 44. axb5 Be4 45. b6 g6 46. Qb5 f6 47. Qd7+ Kg8 48. Qe6+ Kf8 49. Qxe4 f5 50. Qc4 Ke7 51. b7 Kd7 52. b8=Q Ke7 53. Qb6 Kf8 54. Qcc7 Kg8 55. Qbb8# 1-0

[Event "CYCC U08 w"]
[Site "Ottawa CAN"]
[Date "2013.07.11"]
[Round "4"]
[White "Gilani, Mysha"]
[Black "Radin, Claire"]
[Result "1-0"]
[WhiteElo "950"]
[BlackElo "752"]
[PlyCount "61"]
[GameId "2160767909317944"]
[EventDate "2013.07.10"]
[EventType "swiss"]
[EventRounds "6"]
[EventCountry "CAN"]
[SourceTitle "EXT 2022"]
[Source "ChessBase"]
[SourceDate "2021.10.06"]
[SourceVersion "1"]
[SourceVersionDate "2021.10.06"]
[SourceQuality "1"]

1. e4 e5 2. Nf3 Nc6 3. Bc4 Nf6 4. d3 Bc5 5. Nc3 h6 6. Be3 Bxe3 7. fxe3 d6 8. d4 Qd7 9. Qd2 b6 10. Bb5 a6 11. Ba4 b5 12. Bb3 Bb7 13. O-O-O O-O-O 14. Rhf1 Rhe8 15. d5 Na5 16. Kb1 Nxb3 17. cxb3 b4 18. Na4 Nxe4 19. Qc2 Qb5 20. Qxe4 c6 21. dxc6 Bxc6 22. Rc1 Kb7 23. Qc4 e4 24. Nd4 d5 25. Qc2 Qd3 26. Nxc6 Rc8 27. Nc5+ Kb6 28. Nxd3 Rxc6 29. Qxc6+ Ka7 30. Rxf7+ Kb8 31. Qxe8# 1-0

[Event "CYCC U08 w"]
[Site "Ottawa CAN"]
[Date "2013.07.11"]
[Round "4"]
[White "Kamath, Maya"]
[Black "Zhu, Harmony"]
[Result "0-1"]
[WhiteElo "1652"]
[BlackElo "1652"]
[PlyCount "100"]
[GameId "2160767909317945"]
[EventDate "2013.07.10"]
[EventType "swiss"]
[EventRounds "6"]
[EventCountry "CAN"]
[SourceTitle "EXT 2022"]
[Source "ChessBase"]
[SourceDate "2021.10.06"]
[SourceVersion "1"]
[SourceVersionDate "2021.10.06"]
[SourceQuality "1"]

1. e4 c5 2. Nf3 Nc6 3. Nc3 g6 4. Bc4 e6 5. O-O a6 6. d4 cxd4 7. Nxd4 Bg7 8. Nxc6 bxc6 9. Bf4 d5 10. exd5 cxd5 11. Bb3 Ne7 12. Ba4+ Bd7 13. Bxd7+ Qxd7 14. Qe2 O-O 15. b3 Bxc3 16. Rad1 Qb5 17. Qxb5 axb5 18. Bd6 Rfe8 19. Bxe7 Rxe7 20. a4 bxa4 21. bxa4 Rxa4 22. Rd3 d4 23. Rb1 Ra1 24. Rxa1 Bxa1 25. g3 e5 26. Ra3 Bc3 27. Ra8+ Kg7 28. Kg2 f5 29. f4 e4 30. Kf2 e3+ 31. Ke2 h6 32. h4 Kh7 33. Ra6 Bb4 34. Rb6 Bc5 35. Rb1 Kg7 36. Rd1 Kf6 37. Rd3 g5 38. fxg5+ hxg5 39. hxg5+ Kxg5 40. c4 Kg4 41. Rd1 Rh7 42. Rg1 Rh3 43. Rb1 Rxg3 44. Rb5 f4 45. Rxc5 f3+ 46. Kf1 f2 47. Ke2 Rf3 48. Kf1 e2+ 49. Kxe2 f1=Q+ 50. Kd2 Rf2# 0-1

[Event "CYCC U08 w"]
[Site "Ottawa CAN"]
[Date "2013.07.11"]
[Round "4"]
[White "Kuleshova, Julia"]
[Black "Radin, Paige"]
[Result "1-0"]
[WhiteElo "262"]
[BlackElo "679"]
[PlyCount "45"]
[GameId "2160767909317946"]
[EventDate "2013.07.10"]
[EventType "swiss"]
[EventRounds "6"]
[EventCountry "CAN"]

1. e4 e5 2. Nf3 Nc6 3. Nc3 Nf6 4. Bc4 Bc5 5. d3 O-O 6. Bg5 d6 7. Nd5 Bg4 8. Nxf6+ gxf6 9. Bh6 Re8 10. h3 Bxf3 11. Qxf3 Ne7 12. Qg3+ Ng6 13. h4 Kh8 14. h5 Rg8 15. hxg6 fxg6 16. Bxg8 Qxg8 17. O-O-O Qxa2 18. Kd2 Bb4+ 19. Ke2 Qxb2 20. Rc1 Qc3 21. Be3 d5 22. Qxg6 Rg8 23. Qxh7# 1-0

[Event "CYCC U08 w"]
[Site "Ottawa CAN"]
[Date "2013.07.11"]
[Round "4"]
[White "Pigeau, Mia"]
[Black "Murray, Sarah"]
[Result "0-1"]
[WhiteElo "578"]
[BlackElo "652"]
[PlyCount "30"]
[GameId "2160767909317947"]
[EventDate "2013.07.10"]
[EventType "swiss"]
[EventRounds "6"]
[EventCountry "CAN"]
[SourceTitle "EXT 2022"]
[Source "ChessBase"]
[SourceDate "2021.10.06"]
[SourceVersion "1"]
[SourceVersionDate "2021.10.06"]
[SourceQuality "1"]

1. e4 e5 2. Nf3 d6 3. Nc3 Nf6 4. d3 Nc6 5. Bg5 h6 6. Bxf6 Qxf6 7. b3 d5 8. exd5 Bb4 9. Ke2 Bxc3 10. Rc1 O-O 11. g4 Bxg4 12. Rg1 Bxf3+ 13. Ke3 Bxd1 14. Rxd1 Qf4+ 15. Ke2 Nd4# 0-1

[Event "CYCC U08 w"]
[Site "Ottawa CAN"]
[Date "2013.07.12"]
[Round "5"]
[White "Gilani, Mysha"]
[Black "Kuleshova, Julia"]
[Result "0-1"]
[WhiteElo "950"]
[BlackElo "262"]
[PlyCount "62"]
[GameId "2160767909317949"]
[EventDate "2013.07.10"]
[EventType "swiss"]
[EventRounds "6"]
[EventCountry "CAN"]

1. e4 e5 2. Nf3 Nc6 3. Bc4 Bc5 4. Nc3 Nf6 5. d3 d6 6. Be3 Bxe3 7. fxe3 Bg4 8. h3 Bh5 9. g4 Bg6 10. Qd2 a6 11. O-O-O Qd7 12. Kb1 O-O-O 13. d4 Nxe4 14. Nxe4 Bxe4 15. Rhf1 Rhe8 16. Ng5 Bg6 17. Bxf7 Bxf7 18. Nxf7 Re7 19. Nxd8 Qxd8 20. Rf2 Qe8 21. Rdf1 Qg6 22. dxe5 Nxe5 23. Rf8+ Re8 24. Rxe8+ Qxe8 25. Rf2 Nc4 26. Qe1 Nxe3 27. Rf3 Qe4 28. Rxe3 Qd4 29. Re8+ Kd7 30. Qe7+ Kc6 31. Rc8 Qd1# 0-1

[Event "CYCC U08 w"]
[Site "Ottawa CAN"]
[Date "2013.07.12"]
[Round "5"]
[White "Murray, Sarah"]
[Black "Radin, Paige"]
[Result "1-0"]
[WhiteElo "652"]
[BlackElo "679"]
[PlyCount "149"]
[GameId "2160767909317951"]
[EventDate "2013.07.10"]
[EventType "swiss"]
[EventRounds "6"]
[EventCountry "CAN"]
[SourceTitle "EXT 2022"]
[Source "ChessBase"]
[SourceDate "2021.10.06"]
[SourceVersion "1"]
[SourceVersionDate "2021.10.06"]
[SourceQuality "1"]

1. e4 e5 2. Nf3 Nc6 3. c3 Nf6 4. d3 Be7 5. Nbd2 O-O 6. Nc4 d6 7. d4 Be6 8. d5 Bg4 9. Be2 Nb8 10. h3 Bxf3 11. Bxf3 Qd7 12. O-O Qb5 13. Ne3 Nbd7 14. c4 Qa6 15. b4 b6 16. b5 Qc8 17. Ng4 Nc5 18. Nxf6+ Bxf6 19. Bh5 g6 20. Bh6 Re8 21. Qg4 Qxg4 22. Bxg4 Nxe4 23. Rae1 Nd2 24. Bd7 Red8 25. Bc6 Rab8 26. Re3 Nxf1 27. Kxf1 Bh4 28. g3 Bf6 29. g4 a6 30. g5 Bg7 31. Bxg7 Kxg7 32. bxa6 b5 33. a7 Ra8 34. Bxa8 Rxa8 35. Ra3 bxc4 36. Ke2 c3 37. Kd3 c2 38. Kxc2 f6 39. gxf6+ Kxf6 40. Kc3 Kf5 41. Kb4 Kf4 42. h4 c5+ 43. Kb5 Ke4 44. Kb6 Kxd5 45. Kb7 Re8 46. a8=Q Rxa8 47. Rxa8 c4 48. Ra3 Kd4 49. h5 gxh5 50. Rh3 c3 51. Rxh5 c2 52. Rh1 Kd3 53. f3 Kd2 54. a4 c1=Q 55. Rxc1 Kxc1 56. a5 d5 57. a6 d4 58. a7 d3 59. a8=Q d2 60. Qc8+ Kb1 61. Qf5+ Kc1 62. Qxe5 d1=Q 63. f4 Qb3+ 64. Kc8 Qf7 65. f5 h5 66. Qc7+ Kd1 67. Qxf7 h4 68. Qh7 Ke2 69. Qxh4 Ke3 70. f6 Kd3 71. f7 Ke3 72. f8=Q Kd3 73. Qf3+ Kd2 74. Qh2+ Kc1 75. Qf1# 1-0

[Event "CYCC U08 w"]
[Site "Ottawa CAN"]
[Date "2013.07.12"]
[Round "5"]
[White "Radin, Claire"]
[Black "Kamath, Maya"]
[Result "1-0"]
[WhiteElo "752"]
[BlackElo "1652"]
[PlyCount "61"]
[GameId "2160767909317952"]
[EventDate "2013.07.10"]
[EventType "swiss"]
[EventRounds "6"]
[EventCountry "CAN"]
[SourceTitle "EXT 2022"]
[Source "ChessBase"]
[SourceDate "2021.10.06"]
[SourceVersion "1"]
[SourceVersionDate "2021.10.06"]
[SourceQuality "1"]

1. e4 e5 2. Nf3 Nc6 3. Nc3 Nf6 4. Bc4 Bc5 5. d3 O-O 6. O-O b6 7. Nd5 Nxd5 8. Bxd5 Bb7 9. Bg5 Be7 10. Be3 Bf6 11. d4 exd4 12. Nxd4 Nxd4 13. Bxb7 Rb8 14. Bxd4 Bxd4 15. Qxd4 Rxb7 16. Rad1 c5 17. Qe5 Re8 18. Qd5 Rc7 19. Rfe1 Re6 20. Rd3 d6 21. Qh5 Rh6 22. Qg4 Rh4 23. Qe2 c4 24. Rc3 b5 25. Rd1 Qe7 26. Re3 Qe5 27. g3 Rh3 28. Qg4 Rh5 29. Rd5 Rg5 30. Qxg5 Qxb2 31. Qd8# 1-0

[Event "CYCC U08 w"]
[Site "Ottawa CAN"]
[Date "2013.07.12"]
[Round "5"]
[White "Zhu, Harmony"]
[Black "Pigeau, Mia"]
[Result "1-0"]
[WhiteElo "1652"]
[BlackElo "578"]
[PlyCount "75"]
[GameId "2160767909317953"]
[EventDate "2013.07.10"]
[EventType "swiss"]
[EventRounds "6"]
[EventCountry "CAN"]
[SourceTitle "EXT 2022"]
[Source "ChessBase"]
[SourceDate "2021.10.06"]
[SourceVersion "1"]
[SourceVersionDate "2021.10.06"]
[SourceQuality "1"]

1. d4 d5 2. c4 dxc4 3. e3 Nc6 4. Bxc4 Na5 5. Qa4+ b5 6. Bxb5+ c6 7. Bxc6+ Bd7 8. Bxd7+ Qxd7 9. Qxa5 a6 10. Nc3 Nf6 11. Qa4 Qxa4 12. Nxa4 Ng4 13. h3 Nf6 14. Nf3 Nd7 15. Bd2 e6 16. O-O O-O-O 17. Rac1+ Kb8 18. Ng5 Rc8 19. Nxf7 Rg8 20. Ng5 Rxc1 21. Rxc1 Nf6 22. Nxe6 Be7 23. Nac5 Bxc5 24. Nxc5 Ka7 25. b4 Rc8 26. a3 g6 27. f3 g5 28. e4 h6 29. d5 h5 30. Bxg5 Rf8 31. d6 h4 32. Bxh4 Nh7 33. d7 Kb8 34. Nxa6+ Kb7 35. b5 Ka7 36. Bf2+ Kb7 37. Rc7+ Ka8 38. Ra7# 1-0

[Event "CYCC U08 w"]
[Site "Ottawa CAN"]
[Date "2013.07.12"]
[Round "6"]
[White "Murray, Sarah"]
[Black "Gilani, Mysha"]
[Result "0-1"]
[WhiteElo "652"]
[BlackElo "950"]
[PlyCount "46"]
[GameId "2160767909317955"]
[EventDate "2013.07.10"]
[EventType "swiss"]
[EventRounds "6"]
[EventCountry "CAN"]
[SourceTitle "EXT 2022"]
[Source "ChessBase"]
[SourceDate "2021.10.06"]
[SourceVersion "1"]
[SourceVersionDate "2021.10.06"]
[SourceQuality "1"]

1. e4 e5 2. Nf3 Nc6 3. Bc4 Bc5 4. d3 Nf6 5. c3 d5 6. d4 dxc4 7. dxc5 Qxd1+ 8. Kxd1 Bg4 9. Nbd2 O-O-O 10. h3 Nxe4 11. hxg4 Nxf2+ 12. Kc2 Nxh1 13. Ng5 Rdf8 14. Nxc4 f6 15. Bd2 Ng3 16. Ne6 Rfg8 17. Be1 Ne4 18. Rd1 g5 19. a4 Re8 20. Ng7 Rd8 21. Rxd8+ Rxd8 22. Ne6 Rd7 23. Nf8 Re7 0-1

[Event "CYCC U08 w"]
[Site "Ottawa CAN"]
[Date "2013.07.12"]
[Round "6"]
[White "Pigeau, Mia"]
[Black "Radin, Claire"]
[Result "0-1"]
[WhiteElo "578"]
[BlackElo "752"]
[PlyCount "42"]
[GameId "2160767909317956"]
[EventDate "2013.07.10"]
[EventType "swiss"]
[EventRounds "6"]
[EventCountry "CAN"]
[SourceTitle "EXT 2022"]
[Source "ChessBase"]
[SourceDate "2021.10.06"]
[SourceVersion "1"]
[SourceVersionDate "2021.10.06"]
[SourceQuality "1"]

1. e4 e5 2. Nf3 Nc6 3. Nc3 Nf6 4. d3 Be7 5. Be2 d6 6. O-O O-O 7. Bd2 Be6 8. g3 Bh3 9. Re1 d5 10. exd5 Nxd5 11. Kh1 Bc5 12. Nxd5 Qxd5 13. c4 Qe6 14. b3 Bxf2 15. Rg1 Bxg1 16. Kxg1 e4 17. dxe4 Qxe4 18. Bc1 Nd4 19. Qd3 Nxe2+ 20. Kh1 Qxd3 21. Ne5 Qd1# 0-1

[Event "CYCC U08 w"]
[Site "Ottawa CAN"]
[Date "2013.07.12"]
[Round "6"]
[White "Radin, Paige"]
[Black "Zhu, Harmony"]
[Result "0-1"]
[WhiteElo "679"]
[BlackElo "1652"]
[PlyCount "68"]
[GameId "2160767909317957"]
[EventDate "2013.07.10"]
[EventType "swiss"]
[EventRounds "6"]
[EventCountry "CAN"]
[SourceTitle "EXT 2022"]
[Source "ChessBase"]
[SourceDate "2021.10.06"]
[SourceVersion "1"]
[SourceVersionDate "2021.10.06"]
[SourceQuality "1"]

1. e4 c5 2. Nf3 Nc6 3. Bc4 e6 4. O-O Qc7 5. Nc3 a6 6. d3 b5 7. Bb3 Nf6 8. a3 Be7 9. g3 d6 10. Bf4 O-O 11. Nd2 Nd4 12. Ba2 b4 13. axb4 cxb4 14. Ne2 Nxe2+ 15. Qxe2 Bd7 16. e5 dxe5 17. Bxe5 Qb7 18. Bxf6 Bxf6 19. Qg4 a5 20. Ne4 Bxb2 21. Rab1 Be5 22. c3 f5 23. Qh5 g6 24. Qh6 fxe4 25. dxe4 Bxc3 26. Rfd1 Qa7 27. Rd6 Qxf2+ 28. Kh1 Qf3+ 29. Kg1 Bd4+ 30. Rxd4 Qf2+ 31. Kh1 Qxd4 32. Rb3 Qxe4+ 33. Kg1 Qe1+ 34. Kg2 Qf1# 0-1

[Event "CYCC U08 w"]
[Site "Ottawa CAN"]
[Date "2013.07.12"]
[Round "6"]
[White "Tsukerman, Julia"]
[Black "Kamath, Maya"]
[Result "0-1"]
[WhiteElo "262"]
[BlackElo "1652"]
[PlyCount "42"]
[GameId "2160767909317958"]
[EventDate "2013.07.10"]
[EventType "swiss"]
[EventRounds "6"]
[EventCountry "CAN"]
[SourceTitle "EXT 2022"]
[Source "ChessBase"]
[SourceDate "2021.10.06"]
[SourceVersion "1"]
[SourceVersionDate "2021.10.06"]
[SourceQuality "1"]

1. e4 e5 2. Nf3 Nc6 3. Bc4 Nf6 4. Nc3 Bc5 5. d3 O-O 6. Bg5 Be7 7. O-O b6 8. Nd2 Bb7 9. Qf3 Nd4 10. Qd1 d5 11. exd5 Nxd5 12. Bxe7 Nxe7 13. Nde4 Nec6 14. Nd5 Na5 15. Ne3 Nxc4 16. Nxc4 Qe7 17. c3 Nc6 18. d4 exd4 19. cxd4 Qxe4 20. Rc1 Nxd4 21. Re1 Qxg2# 0-1

[Event "CYCC U10"]
[Site "Ottawa CAN"]
[Date "2013.07.10"]
[Round "1"]
[White "Du, Daniel"]
[Black "Hua, Eugene"]
[Result "0-1"]
[WhiteElo "1038"]
[BlackElo "1868"]
[PlyCount "108"]
[GameId "2160767909317962"]
[EventDate "2013.07.10"]
[EventType "swiss"]
[EventRounds "6"]
[EventCountry "CAN"]
[SourceTitle "hb 2013"]

1. e4 e5 2. Nf3 Nc6 3. Bb5 a6 4. Ba4 Nf6 5. Nc3 b5 6. Bb3 Bc5 7. d3 Bb7 8. O-O d6 9. Be3 Nd4 10. Bxd4 exd4 11. Nd5 Nxd5 12. Bxd5 Bxd5 13. exd5 O-O 14. Qd2 Qd7 15. b4 Bb6 16. Rfe1 a5 17. bxa5 Bxa5 18. Qf4 Bxe1 19. Rxe1 Rxa2 20. Nxd4 Re8 21. Rxe8+ Qxe8 22. h3 Qe1+ 23. Kh2 Qe5 24. Qxe5 dxe5 25. Nxb5 Rxc2 26. Kg3 Rc5 27. Na3 Rxd5 28. Nc4 Rxd3+ 29. f3 f6 30. Nb2 Rc3 31. Nd1 Rc1 32. Nf2 c5 33. Ne4 c4 34. Kf2 Rd1 35. Ke2 Rd8 36. g3 Kf7 37. g4 Ke6 38. Ke1 Kd5 39. Kd2 Kd4 40. Nc3 Rb8 41. Ne2+ Kc5 42. Kc2 Rb3 43. Nc3 Kd4 44. h4 Rxc3+ 45. Kd2 Rd3+ 46. Kc2 c3 47. g5 Rd2+ 48. Kc1 Kd3 49. h5 c2 50. g6 Rd1+ 51. Kb2 c1=Q+ 52. Kb3 Qc4+ 53. Ka3 Ra1+ 54. Kb2 Qc3# 0-1

[Event "CYCC U10"]
[Site "Ottawa CAN"]
[Date "2013.07.10"]
[Round "1"]
[White "Grenier, Nicolas"]
[Black "Surya, Benito"]
[Result "0-1"]
[WhiteElo "1029"]
[BlackElo "1736"]
[PlyCount "46"]
[GameId "2160767909317965"]
[EventDate "2013.07.10"]
[EventType "swiss"]
[EventRounds "6"]
[EventCountry "CAN"]
[SourceTitle "hb 2013"]

1. Nf3 Nf6 2. Nc3 Nc6 3. e4 e5 4. d3 Bc5 5. Bg5 h6 6. Bxf6 Qxf6 7. Nd5 Qd8 8. b4 Nxb4 9. Nxb4 Bxb4+ 10. Ke2 b6 11. Rb1 Bd6 12. g3 Ba6 13. c4 O-O 14. Nh4 Qf6 15. Nf5 Rfe8 16. Ke1 Bb7 17. Bh3 Bc5 18. d4 exd4 19. Nh4 Bxe4 20. Bxd7 Bxh1+ 21. Bxe8 Rxe8+ 22. Kf1 d3 23. Rb5 Qxf2# 0-1

[Event "CYCC U10"]
[Site "Ottawa CAN"]
[Date "2013.07.10"]
[Round "1"]
[White "Guo, Thomas"]
[Black "Xu, David1"]
[Result "1-0"]
[WhiteElo "1608"]
[BlackElo "776"]
[PlyCount "122"]
[GameId "2160767909317967"]
[EventDate "2013.07.10"]
[EventType "swiss"]
[EventRounds "6"]
[EventCountry "CAN"]
[SourceTitle "EXT 2022"]
[Source "ChessBase"]
[SourceDate "2021.10.06"]
[SourceVersion "1"]
[SourceVersionDate "2021.10.06"]
[SourceQuality "1"]

1. e4 c5 2. Nf3 d6 3. c3 Nf6 4. Be2 e6 5. O-O Be7 6. Qc2 Nc6 7. d4 cxd4 8. cxd4 Bd7 9. Nc3 O-O 10. h3 h6 11. Be3 Rb8 12. Rac1 b6 13. Rfd1 d5 14. exd5 exd5 15. Ne5 Bd6 16. Nxd7 Qxd7 17. Nxd5 Nxd5 18. Qxc6 Qxc6 19. Rxc6 Nxe3 20. fxe3 Rfd8 21. Rdc1 Bf8 22. Bf3 g5 23. Rc7 a5 24. Bh5 f5 25. Rf1 Bd6 26. Rc6 f4 27. e4 b5 28. e5 Bf8 29. Rd1 a4 30. e6 Rbc8 31. Rxc8 Rxc8 32. d5 Rd8 33. Bf3 Be7 34. Rc1 Bd6 35. Kf1 a3 36. bxa3 Bxa3 37. Rc7 Bd6 38. Rb7 b4 39. Bh5 Rc8 40. e7 Rc1+ 41. Ke2 Bxe7 42. Rxe7 Rc2+ 43. Kf1 Rxa2 44. d6 Rd2 45. d7 b3 46. Re8+ Kg7 47. d8=Q Rxd8 48. Rxd8 b2 49. Rb8 Kf6 50. Rxb2 Ke5 51. Ke2 Ke4 52. Rb4+ Kd5 53. Kd3 Kc5 54. Re4 Kd5 55. Rc4 Ke5 56. Rc5+ Kd6 57. Kd4 Ke6 58. Bg4+ Kf6 59. Rc6+ Ke7 60. Ke5 Kf7 61. Bh5+ Kg7 1-0

[Event "CYCC U10"]
[Site "Ottawa CAN"]
[Date "2013.07.10"]
[Round "1"]
[White "Kilroy, Sheldon"]
[Black "Grossmann, Lenard"]
[Result "0-1"]
[WhiteElo "902"]
[BlackElo "1614"]
[PlyCount "84"]
[GameId "2160767909317970"]
[EventDate "2013.07.10"]
[EventType "swiss"]
[EventRounds "6"]
[EventCountry "CAN"]
[SourceTitle "hb 2013"]

1. e4 c5 2. Bc4 Nc6 3. Nf3 e6 4. O-O g6 5. d4 cxd4 6. Nxd4 Bg7 7. Nxc6 bxc6 8. Bf4 d5 9. exd5 cxd5 10. Bb5+ Bd7 11. Bxd7+ Qxd7 12. Nc3 Rc8 13. Qf3 Qc6 14. Bd2 Ne7 15. Rfe1 O-O 16. Re3 d4 17. Re4 dxc3 18. Bxc3 Bxc3 19. bxc3 Qxc3 20. Qxc3 Rxc3 21. Re2 Rfc8 22. Rc1 Nd5 23. h4 Nb4 24. a3 Rxa3 25. Re3 Rxe3 26. fxe3 Rxc2 27. Rd1 a5 28. Rd8+ Kg7 29. Ra8 Ra2 30. Rb8 Ra3 31. g3 Rxe3 32. Kf2 Rb3 33. g4 a4 34. Rc8 a3 35. Rc1 a2 36. Ra1 Rb1 37. Rxb1 axb1=Q 38. g5 Qe4 39. Kg3 Nd3 40. Kh3 Qf3+ 41. Kh2 Nf4 42. h5 Qg2# 0-1

[Event "CYCC U10"]
[Site "Ottawa CAN"]
[Date "2013.07.10"]
[Round "1"]
[White "Liu, Daniel1"]
[Black "Zhang, Clark"]
[Result "1-0"]
[WhiteElo "1689"]
[BlackElo "994"]
[PlyCount "91"]
[GameId "2160767909317972"]
[EventDate "2013.07.10"]
[EventType "swiss"]
[EventRounds "6"]
[EventCountry "CAN"]
[SourceTitle "EXT 2022"]
[Source "ChessBase"]
[SourceDate "2021.10.06"]
[SourceVersion "1"]
[SourceVersionDate "2021.10.06"]
[SourceQuality "1"]

1. e4 c5 2. Nf3 Nc6 3. Bb5 a6 4. Bxc6 dxc6 5. h3 Nf6 6. d3 e6 7. O-O Be7 8. Nc3 b5 9. Ne2 c4 10. Ng3 cxd3 11. cxd3 O-O 12. Be3 Bb7 13. Rc1 Rc8 14. Qd2 Nd7 15. Rc2 Bd6 16. d4 Bxg3 17. fxg3 Re8 18. Ng5 f6 19. Nf3 e5 20. dxe5 Nxe5 21. Nxe5 Qxd2 22. Rxd2 Rxe5 23. Rd7 Rxe4 24. Bf4 Ba8 25. Rfd1 Ree8 26. Ra7 Red8 27. Rxd8+ Rxd8 28. Rxa6 Bb7 29. Ra7 Rd7 30. b4 Bc8 31. Ra8 Rd8 32. Kf2 Kf7 33. Ke3 Re8+ 34. Kd4 Bd7 35. Ra7 Ke6 36. Kc5 Re7 37. a4 bxa4 38. Rxa4 Bc8 39. Ra8 Bd7 40. Ra7 Be8 41. Ra8 Bd7 42. Bd6 Re8 43. Ra7 Rd8 44. g4 g5 45. g3 Be8 46. Re7# 1-0

[Event "CYCC U10"]
[Site "Ottawa CAN"]
[Date "2013.07.10"]
[Round "1"]
[White "McTaggart, Aleksandre"]
[Black "Pulfer, Luke"]
[Result "0-1"]
[WhiteElo "971"]
[BlackElo "1645"]
[PlyCount "44"]
[GameId "2160767909317973"]
[EventDate "2013.07.10"]
[EventType "swiss"]
[EventRounds "6"]
[EventCountry "CAN"]
[SourceTitle "hb 2013"]

1. e3 d5 2. e4 dxe4 3. Bc4 Nf6 4. c3 Nc6 5. Qb3 e6 6. Bb5 Bd7 7. Nh3 a6 8. Bc4 Na5 9. Qd1 Nxc4 10. O-O Bd6 11. b3 Ne5 12. Bb2 Nd3 13. Qc2 O-O 14. Ng5 Nxb2 15. Qxb2 h6 16. Nh3 e5 17. Qc2 Bxh3 18. gxh3 Qd7 19. b4 Qxh3 20. Rd1 Ng4 21. f3 Qxh2+ 22. Kf1 Qf2# 0-1

[Event "CYCC U10"]
[Site "Ottawa CAN"]
[Date "2013.07.10"]
[Round "1"]
[White "Ming, Wenyang"]
[Black "Chevalier, Miguel"]
[Result "1-0"]
[WhiteElo "1851"]
[BlackElo "1029"]
[PlyCount "25"]
[GameId "2160767909317974"]
[EventDate "2013.07.10"]
[EventType "swiss"]
[EventRounds "6"]
[EventCountry "CAN"]
[SourceTitle "hb 2013"]

1. e4 e6 2. d3 Qf6 3. Nf3 Bc5 4. g3 g6 5. Bg2 h5 6. d4 Bb6 7. Nc3 Nh6 8. Bg5 Qg7 9. d5 d6 10. Bf6 Qf8 11. Ne5 dxe5 12. dxe6 Ng8 13. Qd8# 1-0

[Event "CYCC U10"]
[Site "Ottawa CAN"]
[Date "2013.07.10"]
[Round "1"]
[White "Miranda-Radbord, Cameron"]
[Black "Gaisinsky, Adam"]
[Result "0-1"]
[WhiteElo "413"]
[BlackElo "1460"]
[PlyCount "50"]
[GameId "2160767909317975"]
[EventDate "2013.07.10"]
[EventType "swiss"]
[EventRounds "6"]
[EventCountry "CAN"]
[SourceTitle "hb 2013"]

1. e4 c6 2. Nc3 d5 3. exd5 cxd5 4. Nf3 Nc6 5. Bb5 a6 6. Bxc6+ bxc6 7. Ng5 e5 8. d3 Nf6 9. O-O h6 10. Nf3 Bd6 11. Bd2 O-O 12. Re1 Re8 13. h3 Rb8 14. Rb1 Bf5 15. Nh2 Qc7 16. g3 Bxh3 17. Qf3 Bd7 18. Ng4 Bxg4 19. Qh1 Bf5 20. g4 Bxg4 21. Qg2 Kh7 22. f3 Bf5 23. Re2 Bc5+ 24. Kh1 Qd7 25. Rbe1 Bh3 0-1

[Event "CYCC U10"]
[Site "Ottawa CAN"]
[Date "2013.07.10"]
[Round "1"]
[White "Richardson, Kai"]
[Black "Qu, Leo"]
[Result "1-0"]
[WhiteElo "1626"]
[BlackElo "942"]
[PlyCount "125"]
[GameId "2160767909317979"]
[EventDate "2013.07.10"]
[EventType "swiss"]
[EventRounds "6"]
[EventCountry "CAN"]
[SourceTitle "hb 2013"]

1. d4 Nf6 2. c4 g6 3. Nc3 Bg7 4. e4 d6 5. Nf3 O-O 6. Be2 Re8 7. O-O Bg4 8. Be3 Nbd7 9. h3 Bxf3 10. Bxf3 c5 11. Rb1 cxd4 12. Bxd4 Nc5 13. Bxc5 dxc5 14. e5 Nd7 15. e6 fxe6 16. Bxb7 Rb8 17. Bc6 Bxc3 18. Bxd7 Bd4 19. Bxe8 Qxe8 20. b4 Rb6 21. bxc5 Bxc5 22. Rxb6 Bxb6 23. Qe2 Kf7 24. Re1 Qc6 25. Qe4 Qc8 26. Qh4 Qh8 27. Qf4+ Qf6 28. Qxf6+ exf6 29. Kf1 Ke7 30. Rd1 h6 31. Ke2 g5 32. g4 Bc5 33. f3 Bb6 34. Rd3 Ke8 35. Kd2 Ba5+ 36. Kc2 Ke7 37. Kb3 f5 38. Ka4 Bb6 39. Kb5 fxg4 40. hxg4 e5 41. c5 Bc7 42. Kc6 Ba5 43. Kb7 Bb4 44. c6 Ba5 45. c7 Bxc7 46. Kxc7 Kf6 47. Rd6+ Kg7 48. Re6 a5 49. a4 h5 50. gxh5 e4 51. fxe4 g4 52. Rg6+ Kh7 53. Rxg4 Kh6 54. Rg1 Kh7 55. Kd6 Kh6 56. Ke5 Kxh5 57. Kf5 Kh4 58. Rg5 Kh3 59. Kf4 Kh4 60. e5 Kh3 61. Rg8 Kh2 62. Kf3 Kh3 63. Rh8# 1-0

[Event "CYCC U10"]
[Site "Ottawa CAN"]
[Date "2013.07.10"]
[Round "1"]
[White "Talukdar, Rohan"]
[Black "Feng, Devin"]
[Result "1-0"]
[WhiteElo "1532"]
[BlackElo "736"]
[PlyCount "101"]
[GameId "2160767909317981"]
[EventDate "2013.07.10"]
[EventType "swiss"]
[EventRounds "6"]
[EventCountry "CAN"]
[SourceTitle "EXT 2022"]
[Source "ChessBase"]
[SourceDate "2021.10.06"]
[SourceVersion "1"]
[SourceVersionDate "2021.10.06"]
[SourceQuality "1"]

1. d4 d5 2. c4 c6 3. cxd5 cxd5 4. Bf4 Nc6 5. e3 Bd7 6. Nc3 e6 7. Nf3 g6 8. Bd3 Bg7 9. O-O Nf6 10. Qb3 b6 11. Ba6 Na5 12. Qc2 Bc8 13. Bd3 O-O 14. b4 Nc4 15. Bxc4 dxc4 16. Qe2 Nd5 17. Qxc4 Nxf4 18. exf4 Bd7 19. a3 Rc8 20. Qd3 Qf6 21. Qd2 Bc6 22. Ne5 Bb7 23. Rfd1 Qf5 24. g4 Qf6 25. Nd7 Qe7 26. Nxf8 Rxf8 27. Qe3 Qh4 28. Qg3 Qe7 29. Rac1 Ba8 30. f3 Rd8 31. Ne2 Bb7 32. Qf2 Ba6 33. Rc2 Bb5 34. Rcd2 Bxe2 35. Qxe2 Qf6 36. Qe3 a5 37. bxa5 bxa5 38. Qe5 Qh4 39. Qxa5 Qh3 40. Qxd8+ Bf8 41. Rf2 Qh6 42. Qb8 Kg7 43. a4 g5 44. Qe5+ Kg8 45. fxg5 Qg6 46. a5 Bg7 47. Qb8+ Bf8 48. a6 Qxg5 49. a7 f5 50. a8=Q fxg4 51. Qxf8# 1-0